Star Wars Starships - Sudden Death - Statistics

General Stats
  • This quiz has been taken 258 times
    193 since last reset
  • The average score is 8 of 15
Answers on the Grid
Answers color-coded by a green-red scale on the quiz's grid according to % correct below.
Alpha-3 Nimbus-Class Starfighter

V-Wing
AMN-7 Starfighter

Z-Wing
ARC-170 Starfighter
Belbullab-22 Heavy Starfighter
BTL-Series Multirole Starfighter-Bomber

Y-Wing
Cheetah-Class Interceptor
Cumulus-Class Interceptor

Cloud Car
Droid Quad-Fighter
Droid Tri-Fighter
FSS-1000 Anti-Ship Spaceplane

Sabre
FX-11 Space Superiority Fighter

Resistance Fighter
GA-TL1 Strike Fighter

Longsword
Hyena-Class Droid Fighter/Bomber
Iridaan-Class Starfighter

Quarian Fighter
Mandalorian Longsword Fighter
Modified T-47 Airspeeder

Snowspeeder
N-1 Starfighter

Naboo Starfighter
RZ-1 Interceptor

A-Wing
Stratus-Class Anti-Tank Fighter

Rebel Snowspeeder
SX-3 Alliance Fighter
T-65 Starfighter

X-Wing
TIE/ad Prototype Starfighter

TIE Advanced
TIE/In Space Superiority Fighter

TIE Fighter
TIE/U Starfighter

TIE Ulimate
Type-27 Exoatmospheric Multi-Role Fighter

Banshee
UT-60D Support Craft

U-Wing
Utinni-Class Interceptor

Hutt Fighter
V-19 Torrent Starfighter
V-21 Space Fighter

V-Wing
Vulture-Class Starfighter

Vulture Droid
 
Answer Stats
Answer % Correct
T-65 Starfighter

X-Wing
73%
TIE/In Space Superiority Fighter

TIE Fighter
66%
N-1 Starfighter

Naboo Starfighter
65%
TIE/ad Prototype Starfighter

TIE Advanced
65%
RZ-1 Interceptor

A-Wing
62%
ARC-170 Starfighter
61%
BTL-Series Multirole Starfighter-Bomber

Y-Wing
60%
Modified T-47 Airspeeder

Snowspeeder
60%
Vulture-Class Starfighter

Vulture Droid
57%
Droid Tri-Fighter
56%
UT-60D Support Craft

U-Wing
56%
Alpha-3 Nimbus-Class Starfighter

V-Wing
44%
Hyena-Class Droid Fighter/Bomber
39%
V-19 Torrent Starfighter
39%
Belbullab-22 Heavy Starfighter
19%
No matching quizzes found
Score Distribution
Percent of People with Each Score
Percentile by Number Answered
Your Score History
You have not taken this quiz since the last reset